| 000 | 01097nam a2200277Ia 4500 | ||
|---|---|---|---|
| 999 |
_c53759 _d53759 |
||
| 001 | 20807 | ||
| 003 | GE_BSU | ||
| 005 | 20210414142226.0 | ||
| 008 | 181216s2004||||enk|||||||||||||| ||und|| | ||
| 020 | _a9789042019461 | ||
| 040 | _cGE_BSU | ||
| 041 | _aeng | ||
| 080 | _a327 E-91 | ||
| 245 |
_aEuroscepticism : _bParty Politics, National Identity and European Integration _cedited by : Robert Harmsen, Menno Spiering. |
||
| 264 |
_aAmsterdam,New York : _bRodopi, _c2004. |
||
| 300 |
_a294 p. ; _c23 cm. |
||
| 440 |
_aEUROPEAN STUDIES An Interdisciplinary in European Culture,History and Politics 20 _911350 |
||
| 500 | _abibliog. : 295-296p. | ||
| 541 | _h99gel. | ||
| 653 | _aEuroscepticism : Party Politics, National Identity and European Integration | ||
| 653 | _aპარტიის პოლიტიკა, ეროვნული იდენტობა და ევროპული ინტეგრაცია | ||
| 653 | _aპოლიტიკა | ||
| 700 |
_aHarmsen, Robert _eedited by _911351 |
||
| 700 |
_aSpiering, Menno _eedited by _911352 |
||
| 942 |
_cBK _2udc |
||